000 00962nam a2200241 a 4500
003 BD-DhJNU
005 20251008030653.0
008 860325r19781958ii abcf b 011 0 eng c
020 _a0195610768
040 _aBD-DhJNU
_bENG
_cBD-DhJNU
_dBD-DhJNU
082 0 0 _a954 SPO
_223
100 1 _aSpear, Percival
245 1 4 _aThe Oxford history of modern India, 1740-1975 /
_cPercival Spear.
250 _a2nd ed.
260 _aDelhi ;
_aNew York :
_bOxford University Press,
_c1978.
300 _a472 p., [8] leaves of plates :
_bill., maps, ports. ;
_c19 cm.
500 _a"Reprint of Part III of the third edition of the Oxford History of India (1958), originally compiled by ... Vincent Smith"--P. [v].
504 _aIncludes bibliographies and index.
651 0 _aIndia
_xHistory
_yBritish occupation, 1765-1947.
651 0 _aIndia
_xHistory
_y1947-
700 1 _aSmith, Vincent A.
_q(Vincent Arthur),
_d1848-1920.
_tOxford history of India.
_nPt. 3.
942 _cBK
999 _c2178
_d2178